[Event "40th ECC Open 2025"]
[Site "Rhodes GRE"]
[Date "2025.10.19"]
[Round "1.106"]
[White "Koudounis, Vasileios"]
[Black "Dudognon, Thibault"]
[Result "1-0"]
[BlackTitle "IM"]
[WhiteElo "2163"]
[BlackElo "2344"]
[WhiteTeam "Lefkos Pyrgos"]
[BlackTeam "CE Nyon"]
[WhiteFideId "25855409"]
[BlackFideId "20675569"]
[EventDate "2025.10.19"]
[EventType "team"]

1. d4 Nf6 2. c4 g6 3. Nc3 d5 4. Nf3 Bg7 5. e3 O-O 6. cxd5 Nxd5 7. Bc4 Nxc3 8.
bxc3 c5 9. O-O Qc7 10. Qe2 Nd7 11. a4 b6 12. Ba3 Bb7 13. Rac1 Rac8 14. Rfd1 e6
15. Ba6 Rfd8 16. Bxb7 Qxb7 17. Qb5 a6 18. Qb3 Qc6 19. c4 e5 20. d5 Qc7 21. e4
Nf6 22. Qc2 Ne8 23. Rb1 Nd6 24. Rb3 Rb8 25. Rdb1 Rdc8 26. g3 f6 27. Kg2 Bf8 28.
h4 Rb7 29. h5 g5 30. Nh2 Be7 31. Qe2 Rcb8 32. Ng4 Qd8 33. a5 bxa5 34. Rxb7 Rxb7
35. Rxb7 Nxb7 36. Nh6+ Kf8 37. Qg4 Kg7 38. Nf5+ Kg8 39. Ne3 Qb6 40. Qd7 Bf8 41.
Nf5 Nd8 42. Qe8 Nf7 43. Ne7+ Kg7 44. Nf5+ Kg8 45. h6 Qd8 46. Qe6 Bd6 47. Ng7 Kf8
48. Bxc5 Bxc5 49. Qc6 Kg8 50. Ne6 Qb8 51. Qxc5 Qe8 52. Qxa5 Nxh6 53. c5 Nf7 54.
c6 Qc8 55. c7 Nd6 56. Qc5 Qd7 57. Qxd6 Qxd6 58. c8=Q+ Kf7 59. Qh8 Qb4 60. Nd8+ 1-0

[Event "40th ECC Open 2025"]
[Site "Rhodes GRE"]
[Date "2025.10.19"]
[Round "1.107"]
[White "Joie, Sebastien"]
[Black "Grapsa, Georgia"]
[Result "1/2-1/2"]
[WhiteTitle "IM"]
[BlackTitle "WFM"]
[WhiteElo "2369"]
[BlackElo "2086"]
[WhiteTeam "CE Nyon"]
[BlackTeam "Lefkos Pyrgos"]
[WhiteFideId "650420"]
[BlackFideId "4206436"]
[EventDate "2025.10.19"]
[EventType "team"]

1. d4 Nf6 2. Nf3 e6 3. Bf4 b6 4. e3 c5 5. Nc3 cxd4 6. Nxd4 Bb4 7. Qf3 Nd5 8. a3
Bxc3+ 9. bxc3 Nc6 10. Rd1 Qf6 11. Bb5 Bb7 12. O-O O-O 13. Bd6 Rfc8 14. Qg3 Qg6
15. Ne2 Na5 16. Bb4 Bc6 17. Bd3 Qxg3 18. hxg3 Ba4 19. Bxa5 bxa5 20. c4 Nb6 21.
Nc3 Bc6 22. Rb1 Na4 23. Nxa4 Bxa4 24. e4 e5 25. f3 Kf8 26. f4 Ke7 27. fxe5 Rc5
28. Rf5 Ke6 29. Rbf1 Rf8 30. Rg5 g6 31. Rf6+ 1/2-1/2

[Event "40th ECC Open 2025"]
[Site "Rhodes GRE"]
[Date "2025.10.19"]
[Round "1.108"]
[White "Galanis, Nikolaos-Panagiotis"]
[Black "Gautier, Selvan"]
[Result "0-1"]
[WhiteElo "1956"]
[BlackElo "2248"]
[WhiteTeam "Lefkos Pyrgos"]
[BlackTeam "CE Nyon"]
[WhiteFideId "25813862"]
[BlackFideId "26010208"]
[EventDate "2025.10.19"]
[EventType "team"]

1. e4 e5 2. Nf3 Nc6 3. Bc4 Nf6 4. d3 d5 5. exd5 Nxd5 6. O-O Nb6 7. Bb5 Bd6 8.
Re1 f6 9. a4 a5 10. Nbd2 O-O 11. c3 Bg4 12. h3 Bh5 13. Ne4 Na7 14. Ng3 Bg6 15.
Nh4 Nxb5 16. axb5 Be8 17. Nhf5 Kh8 18. Nxd6 cxd6 19. c4 f5 20. Qf3 Bg6 21. Bd2
Nd7 22. Bc3 Nc5 23. Red1 Qh4 24. Qd5 f4 25. Qxd6 Nxd3 26. Rxd3 Bxd3 27. Qxd3
fxg3 28. fxg3 Qg5 29. Re1 Rfe8 30. Kh2 Re7 31. Bxa5 Qg6 32. Qxg6 hxg6 33. Bc3 e4
34. g4 Rc8 35. b3 Rd8 36. Bb4 Re6 37. Kg1 Rd3 38. Rb1 e3 39. Kf1 e2+ 40. Ke1 Rd4
41. Bc5 Rf4 42. Kd2 Rf7 43. Re1 Rd7+ 44. Kc2 Kg8 45. Bf2 Kf7 46. c5 Rd5 47. b4
Ke7 48. b6 Kd7 49. b5 Re4 50. Kc3 Rd1 51. c6+ Kc8 52. c7 Re6 53. Kc2 Rxe1 54.
Bxe1 Rxb6 55. Bg3 Rd6 0-1

[Event "40th ECC Open 2025"]
[Site "Rhodes GRE"]
[Date "2025.10.19"]
[Round "1.109"]
[White "Heldenbergh, Nils"]
[Black "Pijpers, Arthur"]
[Result "0-1"]
[BlackTitle "GM"]
[WhiteElo "2177"]
[BlackElo "2487"]
[WhiteTeam "Standard de Liège TAL"]
[BlackTeam "LSG Leiden"]
[WhiteFideId "246387"]
[BlackFideId "1019554"]
[EventDate "2025.10.19"]
[EventType "team"]

1. e4 c5 2. Nf3 Nc6 3. d4 cxd4 4. Nxd4 g6 5. Nc3 Bg7 6. Nb3 Nf6 7. Bc4 d6 8. O-O
O-O 9. Re1 a6 10. a4 b6 11. Nd5 e6 12. Nxf6+ Bxf6 13. c3 Bb7 14. Bf1 Qc7 15. Qf3
Bg7 16. Qg3 e5 17. Be3 Ne7 18. a5 b5 19. Bb6 Qc8 20. c4 bxc4 21. Rac1 d5 22. Nc5
dxe4 23. Nxb7 Qxb7 24. Bxc4 Nd5 25. Bc5 Rfc8 26. Ba3 Nf4 27. Bf1 Qd5 28. Rxc8+
Rxc8 29. Bxa6 Qxa5 0-1

[Event "40th ECC Open 2025"]
[Site "Rhodes GRE"]
[Date "2025.10.19"]
[Round "1.110"]
[White "De Jong, Jan-Willem"]
[Black "Cordts, Ingo"]
[Result "0-1"]
[WhiteTitle "IM"]
[BlackTitle "FM"]
[WhiteElo "2420"]
[BlackElo "2147"]
[WhiteTeam "LSG Leiden"]
[BlackTeam "Standard de Liège TAL"]
[WhiteFideId "1008641"]
[BlackFideId "4662687"]
[EventDate "2025.10.19"]
[EventType "team"]

1. d4 Nf6 2. c4 e6 3. Nc3 Bb4 4. e3 O-O 5. Bd3 d5 6. a3 Bxc3+ 7. bxc3 c5 8. cxd5
exd5 9. Ne2 b6 10. O-O Ba6 11. f3 Bxd3 12. Qxd3 Re8 13. Ng3 Nc6 14. Bb2 h5 15.
Rae1 h4 16. Nf5 Nh5 17. e4 g6 18. Nh6+ Kf8 19. Qd2 cxd4 20. cxd4 Na5 21. Ng4 Nc4
22. Qh6+ Kg8 23. Bc3 Rc8 24. f4 Nf6 25. Nxf6+ Qxf6 26. e5 Qf5 27. a4 Na3 28. Re3
Nc2 29. Rh3 Qh5 30. Qxh5 gxh5 31. Rf2 Na3 32. f5 Rc4 33. Bb2 Nb1 34. f6 Rec8 35.
Rxh4 Rc2 36. Rhf4 Nd2 37. Ba3 R8c3 38. Bb4 Rc1+ 39. Rf1 Nxf1 40. Bxc3 Ne3+ 41.
Be1 Nc2 42. Kf2 Rxe1 43. Rf5 Rf1+ 0-1

[Event "40th ECC Open 2025"]
[Site "Rhodes GRE"]
[Date "2025.10.19"]
[Round "1.111"]
[White "Mollica, Antonio"]
[Black "Bosman, Michiel"]
[Result "0-1"]
[BlackTitle "IM"]
[WhiteElo "1674"]
[BlackElo "2306"]
[WhiteTeam "Standard de Liège TAL"]
[BlackTeam "LSG Leiden"]
[WhiteFideId "227633"]
[BlackFideId "1000721"]
[EventDate "2025.10.19"]
[EventType "team"]

1. e4 e6 2. d4 d5 3. e5 c5 4. c3 Nc6 5. Nf3 Bd7 6. Bd3 cxd4 7. O-O dxc3 8. Nxc3
Nge7 9. Re1 Ng6 10. g3 Be7 11. a3 O-O 12. h4 f5 13. h5 Nh8 14. Kg2 Be8 15. Rh1
Nf7 16. Qe2 a6 17. b4 b5 18. Bf4 Qb6 19. Rad1 Rd8 20. Bxf5 exf5 21. Nxd5 Rxd5
22. Rxd5 Ncd8 23. Rc1 Bc6 24. Rd2 Ne6 25. Rdc2 Be4 26. Qe3 Qb7 27. Qc3 Bg5 28.
Re1 Bxf4 29. gxf4 Bxc2 30. Qxc2 Qxf3+ 31. Kxf3 Nd4+ 32. Kg3 Nxc2 33. Rd1 Rd8 34.
Rc1 Rd2 35. Kf3 Nh6 0-1

[Event "40th ECC Open 2025"]
[Site "Rhodes GRE"]
[Date "2025.10.19"]
[Round "1.112"]
[White "Sirin, Atakan"]
[Black "Souweine, Edwige"]
[Result "1-0"]
[WhiteTitle "FM"]
[WhiteElo "2346"]
[BlackElo "1418"]
[WhiteTeam "LSG Leiden"]
[BlackTeam "Standard de Liège TAL"]
[WhiteFideId "6303307"]
[BlackFideId "249793"]
[EventDate "2025.10.19"]
[EventType "team"]

1. d4 d5 2. Nc3 Bf5 3. f3 Nf6 4. Bg5 Nbd7 5. Nxd5 e6 6. Nxf6+ Nxf6 7. e4 h6 8.
Bxf6 Qxf6 9. exf5 Qxf5 10. Qd3 O-O-O 11. Qxf5 exf5 12. O-O-O g5 13. Bc4 Rh7 14.
Bd3 Rg7 15. Bxf5+ Kb8 16. Ne2 f6 17. Ng3 Rd6 18. Rhe1 Re7 19. Rxe7 Bxe7 20. Re1 1-0

[Event "40th ECC Open 2025"]
[Site "Rhodes GRE"]
[Date "2025.10.19"]
[Round "1.113"]
[White "Juegel, Marcel"]
[Black "Roobol, Martin"]
[Result "0-1"]
[BlackTitle "FM"]
[WhiteElo "2125"]
[BlackElo "2262"]
[WhiteTeam "Standard de Liège TAL"]
[BlackTeam "LSG Leiden"]
[WhiteFideId "24621625"]
[BlackFideId "1004468"]
[EventDate "2025.10.19"]
[EventType "team"]

1. d4 Nf6 2. Nc3 d5 3. Bf4 g6 4. e3 Bg7 5. Nf3 O-O 6. Nb5 Na6 7. Nc3 Nb8 8. Nb5
Na6 9. Nc3 Nh5 10. Bxa6 Nxf4 11. exf4 bxa6 12. Na4 Qd6 13. Qd2 Bh6 14. g3 Bh3
15. Rg1 Rab8 16. c3 f6 17. O-O-O Bg4 18. Qe2 e5 19. h3 Bd7 20. Nc5 exf4 21. g4
Rfe8 22. Qc2 Re7 23. Rde1 Rbe8 24. Qd2 Bc8 25. Rxe7 Rxe7 26. Re1 Bf8 27. Nd3 g5
28. Nc5 Qd8 29. Rxe7 Bxe7 30. Qe2 Bd6 31. Nxa6 h5 32. Ng1 hxg4 33. hxg4 f3 34.
Qd3 Qe8 35. Kd1 Bxg4 36. Nc5 Kg7 37. c4 Bxc5 38. dxc5 Qa4+ 39. b3 Qxa2 40. Qe3
Qb1+ 41. Kd2 Qe4 42. cxd5 Qxd5+ 43. Kc3 Qe5+ 44. Kd2 Qxe3+ 45. Kxe3 f5 46. Kd4
Kf6 47. Kd5 Ke7 48. Kc6 Kd8 49. Kb7 a5 50. Ka6 Bh5 51. Kxa5 g4 52. Nxf3 gxf3 53.
b4 Kc8 54. Ka6 Bf7 55. Kb5 Bd5 56. c6 Kb8 57. Kc5 Be4 58. Kb5 Ka7 59. Kc5 Ka6
60. b5+ Ka5 0-1

[Event "40th ECC Open 2025"]
[Site "Rhodes GRE"]
[Date "2025.10.19"]
[Round "1.114"]
[White "Hofman, Marnix"]
[Black "Thirion, Marcel"]
[Result "1/2-1/2"]
[WhiteElo "2218"]
[BlackElo "2065"]
[WhiteTeam "LSG Leiden"]
[BlackTeam "Standard de Liège TAL"]
[WhiteFideId "1008668"]
[BlackFideId "202053"]
[EventDate "2025.10.19"]
[EventType "team"]

1. d4 Nf6 2. c4 e6 3. Nc3 Bb4 4. e3 Bxc3+ 5. bxc3 d6 6. Bd3 c5 7. Nf3 Nc6 8. e4
e5 9. h3 O-O 10. O-O Re8 11. d5 Ne7 12. Be3 Ng6 13. Kh2 Qa5 14. Qd2 Qa4 15. Ng1
Nd7 16. g3 Nb6 17. Qe2 Qa5 18. Bd2 Bd7 19. h4 h6 20. h5 Ne7 21. g4 f6 22. Kg3
Na4 23. Rab1 Rab8 24. Rb3 Qc7 25. Nf3 Rec8 26. Rfb1 b5 27. Nh4 bxc4 28. Bxc4
Rxb3 29. Rxb3 Rb8 30. Bb5 Nb6 31. Ng2 Bxb5 32. Rxb5 Nd7 33. Ne3 Rb6 34. Qc4 Qb8
35. Rxb6 Qxb6 36. Qa4 Qb7 37. Nc4 Nc8 38. Na5 Qc7 39. Nc6 Kf7 40. Qa6 Nb8 1/2-1/2

[Event "40th ECC Open 2025"]
[Site "Rhodes GRE"]
[Date "2025.10.19"]
[Round "1.115"]
[White "Sahidi, Samir"]
[Black "Cumming, Rhys"]
[Result "1/2-1/2"]
[WhiteTitle "IM"]
[BlackTitle "FM"]
[WhiteElo "2490"]
[BlackElo "2285"]
[WhiteTeam "SK K Cero Invest Nitra"]
[BlackTeam "Sussex Martlets"]
[WhiteFideId "14936372"]
[BlackFideId "470163"]
[EventDate "2025.10.19"]
[EventType "team"]

1. e4 e5 2. Nf3 Nc6 3. Bb5 a6 4. Ba4 Nf6 5. O-O Nxe4 6. d4 b5 7. Bb3 d5 8. dxe5
Be6 9. c3 Bc5 10. Nbd2 O-O 11. Bc2 Nxf2 12. Rxf2 Bxf2+ 13. Kxf2 f6 14. exf6 Qxf6
15. Kg1 Rae8 16. h3 Bxh3 17. Nf1 Ne5 18. N1h2 Nxf3+ 19. Nxf3 Bg4 20. Qxd5+ Kh8
21. Qd3 Bf5 22. Qd1 Qb6+ 23. Kh2 Bxc2 24. Qxc2 Qd6+ 25. Kh3 Rxf3+ 26. gxf3 Qe6+
27. Kg3 Qe1+ 28. Qf2 Qd1 29. Qd2 Qg1+ 30. Qg2 Qe1+ 31. Qf2 Qd1 32. Qd2 Qg1+ 33.
Qg2 Qe1+ 34. Qf2 1/2-1/2

[Event "40th ECC Open 2025"]
[Site "Rhodes GRE"]
[Date "2025.10.19"]
[Round "1.116"]
[White "Brewer, Callum D"]
[Black "Haring, Filip"]
[Result "0-1"]
[BlackTitle "IM"]
[WhiteElo "2140"]
[BlackElo "2479"]
[WhiteTeam "Sussex Martlets"]
[BlackTeam "SK K Cero Invest Nitra"]
[WhiteFideId "435309"]
[BlackFideId "14933080"]
[EventDate "2025.10.19"]
[EventType "team"]

1. e4 c5 2. Nf3 e6 3. c3 Nf6 4. e5 Nd5 5. d4 cxd4 6. cxd4 d6 7. Bc4 Be7 8. O-O
O-O 9. Re1 dxe5 10. dxe5 Na6 11. Qe2 Bd7 12. Bd2 Nab4 13. Bxb4 Bxb4 14. Rd1 Rc8
15. Nbd2 Qb6 16. Rac1 Bc6 17. g3 Be7 18. Nb3 Rfd8 19. Nfd4 Be8 20. h4 Nb4 21. a3
Nc6 22. Nb5 Rxd1+ 23. Rxd1 Nxe5 24. Qxe5 Rxc4 25. N3d4 Rc8 26. Nc3 Bf6 27. Qe3
Rd8 28. Nc2 Qxb2 29. Rxd8 Bxd8 30. Nd4 Bb6 31. Nce2 Bc6 32. Kh2 Qa1 33. f3 h6
34. Qe5 Bd5 35. h5 Qe1 36. Qb8+ Kh7 37. Qf4 Qf2+ 38. Kh3 Qf1+ 39. Kh2 f5 40. Qe5
Qf2+ 41. Kh3 Bxf3 42. Nxf3 Qxf3 0-1

[Event "40th ECC Open 2025"]
[Site "Rhodes GRE"]
[Date "2025.10.19"]
[Round "1.117"]
[White "Stohl, Igor"]
[Black "Grant, David J"]
[Result "1/2-1/2"]
[WhiteTitle "GM"]
[BlackTitle "CM"]
[WhiteElo "2394"]
[BlackElo "2114"]
[WhiteTeam "SK K Cero Invest Nitra"]
[BlackTeam "Sussex Martlets"]
[WhiteFideId "14900025"]
[BlackFideId "403717"]
[EventDate "2025.10.19"]
[EventType "team"]

1. d4 Nf6 2. c4 g6 3. g3 Bg7 4. Bg2 O-O 5. Nc3 d6 6. Nf3 c5 7. O-O Nc6 8. dxc5
dxc5 9. Be3 Ng4 10. Bf4 Bxc3 11. bxc3 Be6 12. h3 Nf6 13. Ne5 Qc8 14. Nxc6 bxc6
15. Kh2 Qa6 16. Qd3 Bxc4 17. Qe3 Nd5 18. Bxd5 cxd5 19. Qxe7 Rac8 20. Bh6 Rfe8
21. Qd7 Bxe2 22. Rfe1 Rcd8 23. Qc7 Qf6 24. Qf4 Qxf4 25. Bxf4 d4 26. cxd4 cxd4
27. Rab1 d3 28. Rb2 Bf3 29. Rxe8+ Rxe8 30. g4 f5 31. Kg3 Bd5 32. Be3 fxg4 33.
hxg4 1/2-1/2

[Event "40th ECC Open 2025"]
[Site "Rhodes GRE"]
[Date "2025.10.19"]
[Round "1.118"]
[White "Graham, David B"]
[Black "Bochnicka, Vladimir ml."]
[Result "0-1"]
[BlackTitle "IM"]
[WhiteElo "2114"]
[BlackElo "2347"]
[WhiteTeam "Sussex Martlets"]
[BlackTeam "SK K Cero Invest Nitra"]
[WhiteFideId "408131"]
[BlackFideId "14943450"]
[EventDate "2025.10.19"]
[EventType "team"]

1. e4 e5 2. Nf3 Nc6 3. Bb5 a6 4. Bxc6 dxc6 5. Nc3 Bc5 6. d3 Qe7 7. Be3 Bxe3 8.
fxe3 Nf6 9. O-O Bg4 10. h3 Bh5 11. Ne2 Bxf3 12. Rxf3 O-O-O 13. Ng3 Nd7 14. Qe1
g6 15. a4 c5 16. Rb1 Rhf8 17. Ne2 f5 18. Nc3 c4 19. Nd5 Qc5 20. b4 cxb3 21. cxb3
c6 22. Rc1 Qd6 23. Qa5 Kb8 24. Nb6 Nxb6 25. Qxb6 Ka8 26. exf5 gxf5 27. b4 Qxd3
28. Rxc6 Qb1+ 29. Kh2 Rd1 30. Rc7 Rh1+ 31. Kg3 Qe1+ 32. Rf2 Rg8+ 33. Kf3 Qd1+ 0-1

[Event "40th ECC Open 2025"]
[Site "Rhodes GRE"]
[Date "2025.10.19"]
[Round "1.119"]
[White "Jablonicky, Martin"]
[Black "Blake, J Morgan"]
[Result "1-0"]
[WhiteTitle "IM"]
[BlackTitle "CM"]
[WhiteElo "2330"]
[BlackElo "2058"]
[WhiteTeam "SK K Cero Invest Nitra"]
[BlackTeam "Sussex Martlets"]
[WhiteFideId "14925621"]
[BlackFideId "423394"]
[EventDate "2025.10.19"]
[EventType "team"]

1. e4 c6 2. d4 d5 3. exd5 cxd5 4. c4 Nf6 5. Nc3 Nc6 6. Nf3 Bg4 7. cxd5 Nxd5 8.
Qb3 Nb6 9. d5 Bxf3 10. gxf3 Nd4 11. Qd1 e5 12. dxe6 Bc5 13. exf7+ Kxf7 14. Be3
Re8 15. Bd3 Qh4 16. Ne4 Bb4+ 17. Kf1 Rad8 18. Kg2 Nd5 19. a3 Nxe3+ 20. fxe3 Nf5
21. Qb3+ Re6 22. Bc4 1-0

[Event "40th ECC Open 2025"]
[Site "Rhodes GRE"]
[Date "2025.10.19"]
[Round "1.120"]
[White "Willson, Ollie"]
[Black "Komora, Andrej"]
[Result "1/2-1/2"]
[BlackTitle "FM"]
[WhiteElo "2070"]
[BlackElo "2332"]
[WhiteTeam "Sussex Martlets"]
[BlackTeam "SK K Cero Invest Nitra"]
[WhiteFideId "424714"]
[BlackFideId "14900840"]
[EventDate "2025.10.19"]
[EventType "team"]

1. d4 f5 2. Bg5 h6 3. Bh4 g5 4. e3 Nf6 5. Bg3 Bg7 6. Nf3 d6 7. Bc4 e6 8. Nc3 Qe7
9. h4 g4 10. Ng1 Nh5 11. Nge2 Nd7 12. Qd3 Nxg3 13. Nxg3 d5 14. Bxd5 exd5 15.
Nxd5 Qd6 16. Nxf5 Qxd5 17. Nxg7+ Kf7 18. Qf5+ Nf6 19. Qxd5+ Nxd5 20. Nh5 Bf5 21.
Kd2 Nf6 22. Ng3 Ne4+ 23. Nxe4 Bxe4 24. f3 gxf3 25. gxf3 Bh7 26. e4 Rhg8 27. Rh2
Rg3 28. Ke3 Rag8 29. Kf2 Ke6 30. c4 R3g7 31. Rf1 b6 32. Ke3 Rg2 33. Rf2 Rxh2 34.
Rxh2 Rg1 35. Kf4 Bg6 36. d5+ Kf6 37. b3 Bh5 38. e5+ Ke7 39. Rf2 Rh1 40. Kg3 Re1
41. Kf4 Rh1 1/2-1/2

[Event "40th ECC Open 2025"]
[Site "Rhodes GRE"]
[Date "2025.10.20"]
[Round "2.37"]
[White "Mamedyarov, Shakhriyar"]
[Black "Pasti, Aron"]
[Result "1-0"]
[WhiteTitle "GM"]
[BlackTitle "IM"]
[WhiteElo "2742"]
[BlackElo "2366"]
[WhiteTeam "BayeganPendik chess sports"]
[BlackTeam "SK Dunajska Streda"]
[WhiteFideId "13401319"]
[BlackFideId "785857"]
[EventDate "2025.10.19"]
[EventType "team"]

1. Nf3 d5 2. b3 Nf6 3. Bb2 e6 4. c4 b6 5. g3 Bb7 6. Bg2 Bd6 7. cxd5 exd5 8. Nd4
Nbd7 9. Nc3 a6 10. Nf5 Bf8 11. Qc2 Nc5 12. O-O Qd7 13. Rac1 g6 14. Ne3 Rg8 15.
Na4 Nfe4 16. Nxc5 Nxc5 17. b4 Ne6 18. Ng4 Be7 19. Nf6+ Bxf6 20. Bxf6 Rc8 21. f4
c5 22. bxc5 Rxc5 23. Qb2 Qb5 24. Qe5 Kd7 25. Rb1 Qc6 26. f5 gxf5 27. Qxf5 Kc8
28. Qxh7 Re8 29. Qxf7 Nc7 30. Bh3+ 1-0

[Event "40th ECC Open 2025"]
[Site "Rhodes GRE"]
[Date "2025.10.20"]
[Round "2.38"]
[White "Rigo, Zsolt"]
[Black "Nihal, Sarin"]
[Result "0-1"]
[WhiteTitle "IM"]
[BlackTitle "GM"]
[WhiteElo "2403"]
[BlackElo "2700"]
[WhiteTeam "SK Dunajska Streda"]
[BlackTeam "BayeganPendik chess sports"]
[WhiteFideId "14903172"]
[BlackFideId "25092340"]
[EventDate "2025.10.19"]
[EventType "team"]

1. e4 e5 2. Nf3 Nc6 3. Bb5 Nge7 4. O-O Ng6 5. d4 exd4 6. Nxd4 Bc5 7. Nb3 Bb6 8.
Nc3 a6 9. Be2 d6 10. Kh1 O-O 11. f4 f5 12. Nd5 Ba7 13. Bd3 Nce7 14. c4 c6 15.
Nc3 Kh8 16. Bd2 b5 17. Qh5 bxc4 18. Bxc4 d5 19. exd5 cxd5 20. Bd3 Ng8 21. Ne2
Nf6 22. Qf3 Ne4 23. Be3 Nh4 24. Qh3 d4 25. Nbxd4 Bb7 26. Rad1 Qf6 27. Nf3 Nxf3
28. Bxa7 Nh4 29. Bd4 Qe7 30. Kg1 Rad8 31. Qe3 Qf7 32. Qh3 Qh5 33. Bxe4 Bxe4 34.
Ng3 Nf3+ 35. Rxf3 Qxh3 36. Nxe4 Qh4 37. Nf2 Kg8 38. g3 Qe7 39. Rfd3 Qf7 40. a3
Rfe8 41. Be5 Rxd3 42. Rxd3 h6 43. Rc3 Rd8 44. Rc7 Rd7 45. Rc8+ Kh7 46. Rc1 Qb3
47. Bc3 Rc7 48. Kf1 a5 49. Kg1 a4 50. Kf1 g5 51. fxg5 hxg5 52. Kg1 Kg6 53. Kf1
Rh7 54. Kg1 Qb6 55. Rd1 Re7 56. Bb4 Re6 57. Bc3 Re2 58. Bd4 Qc6 59. Bc3 Qf3 60.
Rf1 g4 61. Bd4 f4 62. gxf4 g3 63. hxg3 Qxg3+ 64. Kh1 Qf3+ 65. Kg1 Qxf4 66. Ba7
Qg3+ 67. Kh1 Re7 0-1

[Event "40th ECC Open 2025"]
[Site "Rhodes GRE"]
[Date "2025.10.20"]
[Round "2.39"]
[White "Alekseenko, Kirill"]
[Black "Bagi, Mate"]
[Result "1-0"]
[WhiteTitle "GM"]
[BlackTitle "IM"]
[WhiteElo "2679"]
[BlackElo "2431"]
[WhiteTeam "BayeganPendik chess sports"]
[BlackTeam "SK Dunajska Streda"]
[WhiteFideId "4135539"]
[BlackFideId "742570"]
[EventDate "2025.10.19"]
[EventType "team"]

1. e4 e5 2. Nf3 Nc6 3. Bb5 a6 4. Ba4 b5 5. Bb3 Na5 6. d4 exd4 7. Qxd4 Bb7 8. Qd3
Nxb3 9. axb3 Ne7 10. Nc3 d5 11. e5 c5 12. O-O Qd7 13. Rd1 O-O-O 14. b4 d4 15.
Ne2 Nc6 16. bxc5 Bxc5 17. Ng3 Qd5 18. Qf5+ Rd7 19. Bf4 Re8 20. c3 d3 21. Qh3 f6
22. exf6 gxf6 23. Re1 Ne5 24. Bxe5 fxe5 25. Ne4 Rf8 26. Rad1 Bb6 27. Qh6 Rf4 28.
Qxb6 Rxe4 29. Rxe4 Qxe4 30. Qc5+ Bc6 31. Qxe5 Qa4 32. Rd2 Bxf3 33. gxf3 Qa1+ 34.
Kg2 Qc1 35. Qe8+ Kc7 36. Qe3 Rg7+ 37. Kh3 Qf1+ 38. Kh4 Rd7 39. Qa7+ Kd8 40. Qxa6
Qg2 41. Qf6+ Kc8 42. h3 Qh2 43. f4 Qg2 44. Qa6+ Kc7 45. Qxb5 Rd6 46. Qc5+ Rc6
47. Qa7+ Kc8 48. Qxh7 Rd6 49. Qf5+ Kc7 50. Qc5+ Rc6 51. Qg5 Qf3 52. Qg4 Qd5 53.
Qg7+ Kc8 54. Qh8+ Kb7 55. Qh7+ Rc7 56. Qxd3 1-0

[Event "40th ECC Open 2025"]
[Site "Rhodes GRE"]
[Date "2025.10.20"]
[Round "2.40"]
[White "Varga, Zoltan"]
[Black "Murzin, Volodar"]
[Result "1/2-1/2"]
[WhiteTitle "GM"]
[BlackTitle "GM"]
[WhiteElo "2286"]
[BlackElo "2664"]
[WhiteTeam "SK Dunajska Streda"]
[BlackTeam "BayeganPendik chess sports"]
[WhiteFideId "700509"]
[BlackFideId "44155573"]
[EventDate "2025.10.19"]
[EventType "team"]

1. e4 c5 2. Nf3 d6 3. d4 cxd4 4. Nxd4 Nf6 5. f3 e5 6. Nb3 d5 7. exd5 Nxd5 8.
Bb5+ Nc6 9. Bd2 Bf5 10. Qe2 Bd6 11. Bd3 Be6 12. Nc3 Ndb4 13. Ne4 Nxd3+ 14. Qxd3
Be7 15. Qb5 Qc7 16. Na5 O-O 17. Nxc6 bxc6 18. Qa5 Qb8 19. Bc3 Bd5 20. O-O-O f6
21. a3 Bd8 22. Qa6 Rf7 23. Ba5 Bb6 24. Rhe1 Rb7 25. Bb4 Bc7 26. Nc3 Rb6 27. Qd3
Bf7 28. Ba5 e4 29. Rxe4 Bf4+ 30. Kb1 Rxb2+ 31. Ka1 Be5 32. Rxe5 fxe5 33. Qe4 Rb7
34. Qxc6 Be8 35. Qe6+ Bf7 36. Qc6 Re7 37. Rd8+ Qxd8 38. Bxd8 Rxd8 39. Kb2 h6 40.
Kc1 Kh7 41. Qc5 Rdd7 42. h4 Rc7 43. Qd6 Rcd7 44. Qc5 Rc7 45. Qd6 Rcd7 1/2-1/2

[Event "40th ECC Open 2025"]
[Site "Rhodes GRE"]
[Date "2025.10.20"]
[Round "2.41"]
[White "Yilmaz, Mustafa"]
[Black "Csonka, Attila Istvan"]
[Result "1-0"]
[WhiteTitle "GM"]
[BlackTitle "IM"]
[WhiteElo "2591"]
[BlackElo "2301"]
[WhiteTeam "BayeganPendik chess sports"]
[BlackTeam "SK Dunajska Streda"]
[WhiteFideId "6302718"]
[BlackFideId "716529"]
[EventDate "2025.10.19"]
[EventType "team"]

1. d4 Nf6 2. c4 e6 3. Nf3 d5 4. Nc3 Bb4 5. Qb3 a5 6. cxd5 exd5 7. Bg5 c6 8. e3
h6 9. Bh4 g5 10. Bg3 Ne4 11. a3 Bxc3+ 12. bxc3 a4 13. Qc2 Bf5 14. Bd3 Nd7 15.
Nd2 Nxg3 16. hxg3 Bxd3 17. Qxd3 Qf6 18. c4 dxc4 19. Qxc4 O-O 20. O-O Rfe8 21.
Rfc1 Qd6 22. Rab1 Ra7 23. Qc3 Nf6 24. Nc4 Qe6 25. Qc2 h5 26. Ne5 Nd5 27. Nf3 g4
28. Ne5 Re7 29. e4 Nf6 30. Re1 Ra5 31. Nc4 Rg5 32. e5 Nd5 33. Nd6 Rg6 34. Nxb7
h4 35. Nc5 Qc8 36. gxh4 g3 37. fxg3 Rxg3 38. Ne4 Rg4 39. Qf2 Qf8 40. Qf5 Rg6 41.
h5 1-0

[Event "40th ECC Open 2025"]
[Site "Rhodes GRE"]
[Date "2025.10.20"]
[Round "2.42"]
[White "Takacs, Laszlo"]
[Black "Can, Emre"]
[Result "1/2-1/2"]
[WhiteTitle "FM"]
[BlackTitle "GM"]
[WhiteElo "2267"]
[BlackElo "2552"]
[WhiteTeam "SK Dunajska Streda"]
[BlackTeam "BayeganPendik chess sports"]
[WhiteFideId "14918854"]
[BlackFideId "6302181"]
[EventDate "2025.10.19"]
[EventType "team"]

1. e4 c5 2. Nf3 d6 3. d4 cxd4 4. Nxd4 Nf6 5. Nc3 g6 6. Be3 Nc6 7. f3 h5 8. Qd2
Nxd4 9. Bxd4 Bh6 10. Be3 Bxe3 11. Qxe3 Be6 12. Bb5+ Kf8 13. O-O Qa5 14. Ba4 Rc8
15. Bb3 Bc4 16. Rfe1 h4 17. e5 dxe5 18. Qxe5 Qxe5 19. Rxe5 e6 20. Rd1 Ke7 21.
Kf2 Rhg8 22. Rd4 Bxb3 23. axb3 g5 24. Rc4 g4 25. Rxc8 Rxc8 26. Rb5 b6 27. Rb4
Rd8 28. Ke3 h3 29. gxh3 gxf3 30. Rc4 f2 31. Kxf2 Nd5 32. Nxd5+ Rxd5 33. Rc7+ Kf6
34. Ke3 a5 35. Rb7 Rd6 36. h4 Rc6 37. c3 Rd6 38. h3 Rc6 39. Kf3 Rd6 40. Ke3 Rc6
41. Kf3 Rd6 42. h5 Rd5 43. Rxb6 Rxh5 44. Kg4 Rg5+ 45. Kf4 Rf5+ 46. Kg3 Rg5+ 47.
Kf3 Rd5 48. b4 axb4 49. Rxb4 Rd3+ 50. Kg2 e5 51. Rb7 Kg6 52. c4 f5 53. c5 Kg5
54. b4 Kf4 55. c6 Rd2+ 56. Kf1 Rc2 57. b5 Kf3 58. Ke1 e4 59. Re7 Ke3 60. Kd1 Rc5
61. c7 Rd5+ 62. Kc2 Rc5+ 63. Kd1 Rd5+ 64. Kc2 Rc5+ 65. Kd1 Rd5+ 1/2-1/2